| 000 | 00618nam a22002057a 4500 | ||
|---|---|---|---|
| 005 | 20170518143800.0 | ||
| 010 | _aB-226781 ENG-118230 | ||
| 020 |
_a9788121924986 _c380.00 |
||
| 020 |
_a9788121924986 _c595.00 |
||
| 020 |
_a8121924987 _c380.00 |
||
| 035 | _aB-226781 EN-101762 | ||
| 037 | _bDBAD/PUB | ||
| 082 | _a513 | ||
| 100 | _aAggarwal,R.S. | ||
| 245 |
_aQuantitative aptitude for competitive examinations / _cby R.S. Aggarwal |
||
| 260 |
_aNew Delhi _bS.Chand _c2008(repr.) |
||
| 270 |
_a7361,Ram Nagar _bNew Delhi _e110055 |
||
| 300 |
_a726p. _c24cm(pbk) |
||
| 942 |
_2ddc _cEN _h513 _mAGG |
||
| 999 |
_c139395 _d139395 |
||